000 00802nam a2200253Ia 4500
003 OSt
005 20221005112847.0
006 a|||||r|||| 00| 0
007 ta
008 221004b |||||||| |||| 00| 0 pan d
020 _c200
024 _a116918
037 _b598, 09/02/2012, H.K. Prakashan
_cTextual
040 _aCRL
_cCRL
_bpan
041 _2pan
_apan
082 _aO153,6N43x, P3
100 _aਗਰਗ, ਕੇ ਐਲ
245 0 _aਬੰਦੇ ਕੁਬੰਦੇ
260 _aਦਿੱਲੀ
_bਐੱਚ ਕੇ ਪ੍ਰਕਾਨ ਭਾਰਤ
_c2003
300 _a176ਪੰ
_ccm.
650 _aਪੰਜਾਬੀ ਸਾਹਿਤ
942 _hO153,6N43x, P3
_cTEXL
_2cc
999 _c1026220
_d1026220